000 00935nam a22002657a 4500
005 20170123162303.0
010 _aA-842736
020 _c140.00
035 _aA-842736
037 _bCen Lib/Ret
040 _aDPL
_bUR
082 _a468
_bم ل ک
100 _aملک، نذیر احمد
_9108260
245 _aکشمیری سرمے الفاظ کے سرچشمے /
_cناظر احمد ملک
246 _aKashimri - e- sarmay alfaz ke sarchashme /
_bby Nazir Ahmad Malik
260 _aدہلی
_bایجوکیشنل پبلشنگ ہاؤس
_c1993
270 _bدہلی
_a٣١٩١ گلی عزیزددیں کچہ پنڈت لال کوان
_e110006
300 _a127p.
_c19cm(Hb)
500 _aاشاریہ شامل
650 _aاردو ادب
_9108261
650 _aاردو زبان
_9547
650 _aUrdu litarature
_9108262
650 _aUrdu language
_9108263
942 _2ddc
_cUR
_h468
_mم ل ک
999 _c106153
_d106153